000 00767nam a22001817a 4500
003 UA-OsUOA
001 17942
007 ta
008 20040406b un ||||| |||| 00| 0 ukr d
100 _aСадовник В.
942 _cSA
040 _aUA-OsUOA
_cUA-OsUOA
_dUA-OsUOA
245 _aЗвичайні хлопці самовіддано захищають інтереси держави
_b[Про здобутки і проблеми колективу йдеться в інтерв'ю начальника упр. СБУ в Рівнен. обл. генерал-майора В.Садовника]
300 _aС.5
955 _a0
773 0 _w0
_tСім днів
_dРівне
_d2004
_g№13/26 берез./
650 7 _aКраєзнавча робота
_2UDC
999 _c304112
_d304112